Arms and the man / (Record no. 232)

MARC details
000 -LEADER
fixed length control field 01166nac a22003491u 4500
003 - CONTROL NUMBER IDENTIFIER
control field EG-ScBUE
005 - DATE AND TIME OF LATEST TRANSACTION
control field 20210301104605.0
008 - FIXED-LENGTH DATA ELEMENTS--GENERAL INFORMATION
fixed length control field 100126r19931991enk f b 000 d eng d
020 ## - INTERNATIONAL STANDARD BOOK NUMBER
International Standard Book Number 0582077850
020 ## - INTERNATIONAL STANDARD BOOK NUMBER
International Standard Book Number 9780582077850
040 ## - CATALOGING SOURCE
Original cataloging agency EG-ScBUE
Language of cataloging eng
Description conventions rda
Transcribing agency EG-ScBUE
Modifying agency EG-ScBUE
082 04 - DEWEY DECIMAL CLASSIFICATION NUMBER
Classification number 822.912
Item number SHA
Edition number 22
100 1# - MAIN ENTRY--PERSONAL NAME
Personal name Shaw, Bernard,‏
Dates associated with a name 1856-1950,
Relator term author.
9 (RLIN) 10667
245 10 - TITLE STATEMENT
Title Arms and the man /
Statement of responsibility, etc Bernard Shaw ; Editor Ian Wilson.
250 ## - EDITION STATEMENT
Edition statement Seventh impression.
264 #1 - PUBLICATION, DISTRIBUTION, ETC. (IMPRINT)
Place of publication, distribution, etc Essex, England :
Name of publisher, distributor, etc Longman Group UK Limited,
Date of publication, distribution, etc 1993.
300 ## - PHYSICAL DESCRIPTION
Extent xiv, 107 pages ;
Dimensions 20 cm.
336 ## - CONTENT TYPE
Source rdacontent
Content type term text
Content type code txt
337 ## - MEDIA TYPE
Source rdamedia
Media type term unmediated
Media type code n
338 ## - CARRIER TYPE
Source rdacarrier
Carrier type term volume
Carrier type code nc
490 0# - SERIES STATEMENT
Series statement Longman literature
504 ## - BIBLIOGRAPHY, ETC. NOTE
Bibliography, etc Includes bibliographical references.
600 ## - SUBJECT ADDED ENTRY--PERSONAL NAME
9 (RLIN) 10667
Personal name Shaw, George Bernard, 1856-1950.
Title of a work -- Arms and the man
650 #7 - SUBJECT ADDED ENTRY--TOPICAL TERM
Topical term or geographic name as entry element War
Form subdivision Drama.
Source of heading or term BUEsh
650 #7 - SUBJECT ADDED ENTRY--TOPICAL TERM
Topical term or geographic name as entry element Love
Form subdivision Drama.
Source of heading or term BUEsh
650 #7 - SUBJECT ADDED ENTRY--TOPICAL TERM
Topical term or geographic name as entry element Man-woman relationships
Form subdivision Drama.
Source of heading or term BUEsh
651 ## - SUBJECT ADDED ENTRY--GEOGRAPHIC NAME
Source of heading or term BUEsh
653 ## - INDEX TERM--UNCONTROLLED
Resource For college Humanities: English
Arrived date list February2021
655 ## - INDEX TERM--GENRE/FORM
Form subdivision Reading book
9 (RLIN) 34232
700 1# - ADDED ENTRY--PERSONAL NAME
Personal name Wilson, Ian,‏
Dates associated with a name 1941-
Relator term editor.
942 ## - ADDED ENTRY ELEMENTS (KOHA)
Koha item type Book - Borrowing
Call number prefix 822.912 SHA
Source of classification or shelving scheme Dewey Decimal Classification
Holdings
Withdrawn status Lost status Source of classification or shelving scheme Damaged status Not for loan Collection code Home library Current library Shelving location Date acquired Source of acquisition Cost, normal purchase price Total Checkouts Total Renewals Full call number Barcode Date last seen Date checked out Cost, replacement price Price effective from Koha item type Public note
    Dewey Decimal Classification       Central Library Central Library Second Floor 06/12/2009 Donation 28.00 5 11 822.912 SHA 000019052 15/07/2025 04/03/2024 35.00 06/12/2009 Book - Borrowing donated by Alaa AbdelGhaney